| 000 | 00452nam a2200193Ia 4500 | ||
|---|---|---|---|
| 003 | OSt | ||
| 005 | 20250902094226.0 | ||
| 008 | 250729s2005 xx 000 0 und d | ||
| 020 | _a9788176489799 | ||
| 040 | _cAL | ||
| 041 | _aeng | ||
| 082 | _a374 PRAA | ||
| 100 |
_aPrasad Rahjendra _9222373 |
||
| 245 | _aAdult education | ||
| 260 |
_aNew Delhi _bA P H Publishing _c2005 |
||
| 300 | _a142p | ||
| 650 |
_aEducation _9222374 |
||
| 942 |
_2ddc _cBED |
||
| 999 |
_c235432 _d235432 |
||